000 00987nam a2200265 i 4500
001 12142
003 KOSZ 005
005 20240405063012.0
008 070619s1966 pl a f 000 0 pol
015 _aPB 1970/618
040 _aWA N
_cKOSZ 005/RW
_dKOSZ 005/RW
080 _a027.8(438)
245 0 0 _aBiblioteki szkolne w Polsce Ludowej :
_bpraca zbiorowa.
_nCz. 2 /
_cpod red. Feliksa Popławskiego.
260 _aWarszawa :
_bPaństwowe Zakłady Wydawnictw Szkolnych,
_c1966.
300 _a367, [1] s. :
_bil. ;
_c23 cm.
380 _aKsiążki.
504 _aBibliogr. s. 325-[364].
650 4 _aBiblioteki szkolne
_zPolska
_y1944-1989 r.
648 4 _a1901-2000
648 4 _a1945-1989
700 1 _aPopławski, Feliks
_d(1899-1989).
_eRedakcja
710 2 _aPaństwowe Zakłady Wydawnictw Szkolnych
_4pbl.
856 _uhttp://koha.tu.koszalin.pl/cgi-bin/koha/opac-detail.pl?biblionumber=12142
_yKatalog online BPK
942 _2UKD
_cKS
999 _c12142
_d12142